000 00308nam a22001337a 4500
008 180201b xxu||||| |||| 00| 0 eng d
020 _a9780131091870
041 _aeng
080 _a37
100 _a45
101 _aEDU
245 _aCORE CURRICULUM INTRODUCTORY CRFT SKILLS
_cDON.W
942 _2udc
_cBK
999 _c41461
_d41461